000 00848cam a2200253 a 4500
001 000007606
005 20200929154230.0
008 951127s1996 nyu 001 0 eng
020 _a0679448721
040 _aDO-SdBNP
_beng
_cLC
_dBNPHU
050 0 0 _aDD290.24
_b.K7 1996
082 _a907/.2043
_bK89p
100 1 _aKramer, Jane.
_921085
245 1 4 _aThe politics of memory :
_blooking for Germany in the new Germany /
_cJane Kramer.
260 _aNew York :
_bRandom House,
_c1996.
300 _axxiv, 293 p. ;
_c24 cm.
650 0 _aHistoriography
_zGermany.
_921086
650 0 _aPolitical culture
_zGermany.
_921087
650 0 _aHolocaust, jewish (1939-1945)
_zGermany
_xInfluence.
_921088
650 0 _aNationalism
_zGermany.
_921089
651 0 _aGermany
_xEthnic Relations.
_921090
910 _aCatalogación por copia / LC
049 _aBNGR
999 _c7386
_d7386